000 01077nam a2200313 i 4500
001 000017585
003 DO-SdBNP
005 20251113133058.0
007 ta
008 100329s1978 dr a 000 0 spa d
040 _aDO-SdBNP
_bspa
_cBNPHU
_erda
082 4 _a616.025
_bU75m, 1978
_222
245 0 0 _aUrgencias médicas :
_btranstornos cardiovasculares /
_ceditor, Guarocuya Batista del Villar.
250 _a3a ed.
264 _aSanto Domingo :
_bAlfa y Omega,
_c1978.
300 _a270 páginas :
_bilustraciones ;
_c24 cm.
336 _2rdacontent
_atexto
_btxt
337 _2rdamedia
_asin mediación
_bn
338 _2rdacarrier
_avolumen
_bnc
500 _aIncluye índice
500 _aIncluye referencias bibliográficas y notas al pie de las páginas
590 _aInventariado, 2018/LP
650 4 _aUrgencias médicas
_92343
650 4 _aEnfermedades cardiovasculares
_925945
650 0 _aEnfermedades de los pulmones
_918209
700 1 _aBatista del Villar, Guarocuya,
_eeditor
_920408
910 _aValidado. Control de calidad MFF
942 _2ddc
_cLBS1
999 _c17110
_d17110